Pays d'Europe avec une carte vierge - une minute de sprint - Statistiques

Statistiques générales
  • Ce quiz a été pris 2 193 fois
  • Le résultat moyen est 28 sur 45
Réponses sur la Carte
Les réponses sont colorées sur une échelle allant du rouge au vert en fonction du pourcentage des utilisateurs qui les ont devinées à leur premier essai. Vous pouvez retrouver ces pourcentages ci-dessous.
 
Statistiques - réponses
Pays % Correct
France
97%
Espagne
93%
Allemagne
89%
Portugal
87%
Italie
86%
Suède
81%
Irlande
78%
Suisse
78%
Norvège
77%
Belgique
76%
Finlande
76%
Pologne
76%
Islande
73%
Russie
73%
Royaume-Uni
72%
Autriche
70%
Pays-Bas
67%
Andorre
66%
Estonie
65%
Grèce
65%
Lettonie
62%
Lituanie
61%
Ukraine
61%
Luxembourg
60%
Monaco
60%
Danemark
58%
Croatie
57%
Hongrie
57%
Slovénie
57%
Roumanie
56%
Serbie
55%
Slovaquie
55%
Vatican
54%
Biélorussie
53%
Tchéquie
51%
Bulgarie
50%
Albanie
48%
Bosnie-Herzégovine
48%
Saint-Marin
47%
Malte
45%
Kosovo
43%
Moldavie
42%
Liechtenstein
37%
Macédoine
37%
Monténégro
36%
Aucun quiz correspondant
Distribution des résultats
% des personnes avec chaque résultat
Percentile par nombre de réponses
Votre historique - résultats
Vous n’avez pas pris ce quiz